Catálogo

Vista normal Vista MARC

Entrada Personal Name

Número de registros utilizados en: 1

001 - CONTROL NUMBER

  • control field: 1627

003 - CONTROL NUMBER IDENTIFIER

  • control field: DLC

005 - DATE AND TIME OF LATEST TRANSACTION

  • control field: 20220725142954.0

008 - FIXED-LENGTH DATA ELEMENTS

  • fixed length control field: 940430n| azannaabn |b aaa

010 ## - LIBRARY OF CONGRESS CONTROL NUMBER

  • LC control number: n 94041978

035 ## - SYSTEM CONTROL NUMBER

  • System control number: (OCoLC)oca03596603

040 ## - CATALOGING SOURCE

  • Original cataloging agency: DLC
  • Language of cataloging: spa
  • Description conventions: rda
  • Transcribing agency: Mx-PuUPA
  • Modifying agency: DLC
  • Modifying agency: OCoLC
  • Modifying agency: DLC
  • Modifying agency: OCoLC
  • Modifying agency: ICU
  • Modifying agency: Mx-PuUPA

046 ## - SPECIAL CODED DATES

  • Birth date: 1952

053 #0 - LC CLASSIFICATION NUMBER

  • Classification number element--single number or beginning number of span: PT8951.17.A17

100 1# - HEADING--PERSONAL NAME

  • Personal name: Gaarder, Jostein,
  • Dates associated with a name: 1952-

374 ## - OCCUPATION

  • Occupation: Autor

375 ## - GENDER

  • Gender: hombre

377 ## - ASSOCIATED LANGUAGE

  • Language code: eng

400 1# - SEE FROM TRACING--PERSONAL NAME

  • Personal name: Gorder, Justejn,
  • Dates associated with a name: 1952-

400 1# - SEE FROM TRACING--PERSONAL NAME

  • Personal name: גורדר, יוסטין,
  • Dates associated with a name: 1952-

670 ## - SOURCE DATA FOUND

  • Source citation: His Sophie's world, 1994:
  • Information found: CIP t.p. (Jostein Gaarder) data sheet (b. 1952; lives in Oslo, Norway)

670 ## - SOURCE DATA FOUND

  • Source citation: Svetot na Sofija, 2002:
  • Information found: t.p. (Justejn Gorder)